000
00303nam a22001097a 4500
008
160613b xxu||||| |||| 00| 0 eng d
020
_a
9780323053402
041
_a
eng
080
_a
618.2
245
_a
Nursing interventions classification (NIC) :
_c
Gloria M. Bulechek; Howard K. Butcher;
942
_2
udc
_c
BK
999
_c
2457
_d
2457